<?xml version="1.0" encoding="UTF-8"?>
<record
    xmlns:xsi="http://www.w3.org/2001/XMLSchema-instance"
    xsi:schemaLocation="http://www.loc.gov/MARC21/slim http://www.loc.gov/standards/marcxml/schema/MARC21slim.xsd"
    xmlns="http://www.loc.gov/MARC21/slim">

  <leader>01048njm a22002897a 4500</leader>
  <controlfield tag="005">20100914102825.0</controlfield>
  <controlfield tag="007">sd ammalaaahaa</controlfield>
  <controlfield tag="008">100901t        xxu||||| |||| 00| 0 hin d</controlfield>
  <datafield tag="028" ind1=" " ind2=" ">
    <subfield code="a">TAE. 1554</subfield>
    <subfield code="b">Angel Records</subfield>
  </datafield>
  <datafield tag="035" ind1=" " ind2=" ">
    <subfield code="a">GR-02066</subfield>
  </datafield>
  <datafield tag="040" ind1=" " ind2=" ">
    <subfield code="a">SED/VEN</subfield>
  </datafield>
  <datafield tag="100" ind1=" " ind2=" ">
    <subfield code="9">17815</subfield>
    <subfield code="a">Ganguly, Sunil</subfield>
  </datafield>
  <datafield tag="245" ind1=" " ind2=" ">
    <subfield code="a">Side-1 Chal akela-Sambandh /</subfield>
    <subfield code="c">by Sunil Ganguly </subfield>
    <subfield code="h">[sound recording] :</subfield>
    <subfield code="b">Instrumental</subfield>
  </datafield>
  <datafield tag="246" ind1=" " ind2=" ">
    <subfield code="a">&#x938;&#x93E;&#x907;&#x921;-&#x967; &#x91A;&#x932; &#x905;&#x915;&#x947;&#x932;&#x93E;-&#x938;&#x92E;&#x94D;&#x92C;&#x928;&#x94D;&#x927; (&#x938;&#x941;&#x928;&#x940;&#x932; &#x917;&#x93E;&#x902;&#x917;&#x941;&#x932;&#x940;)</subfield>
  </datafield>
  <datafield tag="260" ind1=" " ind2=" ">
    <subfield code="a">Dum Dum, India</subfield>
    <subfield code="b">Angel Record</subfield>
    <subfield code="c">1969</subfield>
  </datafield>
  <datafield tag="300" ind1=" " ind2=" ">
    <subfield code="a">1 sound disc :</subfield>
    <subfield code="b">analog, 45 rpm </subfield>
    <subfield code="c">7 in.</subfield>
  </datafield>
  <datafield tag="500" ind1="G" ind2=" ">
    <subfield code="a">Brief record</subfield>
  </datafield>
  <datafield tag="500" ind1="G" ind2=" ">
    <subfield code="a">Angel records</subfield>
  </datafield>
  <datafield tag="500" ind1="G" ind2=" ">
    <subfield code="a">Purple</subfield>
  </datafield>
  <datafield tag="505" ind1=" " ind2=" ">
    <subfield code="a">Side-2 Kaise rahoo chupki-intkaam (&#x915;&#x948;&#x938;&#x947; &#x930;&#x939;&#x942;&#x901; &#x91A;&#x941;&#x92A;&#x915;&#x940;-&#x907;&#x902;&#x924;&#x915;&#x93E;&#x92E;)</subfield>
  </datafield>
  <datafield tag="650" ind1=" " ind2=" ">
    <subfield code="a">Instrumental</subfield>
    <subfield code="x">Excerpts</subfield>
    <subfield code="z">India</subfield>
    <subfield code="9">17813</subfield>
    <subfield code="v">Film song</subfield>
  </datafield>
  <datafield tag="700" ind1=" " ind2=" ">
    <subfield code="9">18219</subfield>
  </datafield>
  <datafield tag="700" ind1=" " ind2=" ">
    <subfield code="9">19853</subfield>
  </datafield>
  <datafield tag="700" ind1=" " ind2=" ">
    <subfield code="9">18220</subfield>
  </datafield>
  <datafield tag="942" ind1=" " ind2=" ">
    <subfield code="2">ddc</subfield>
    <subfield code="c">GR</subfield>
  </datafield>
  <datafield tag="999" ind1=" " ind2=" ">
    <subfield code="c">45544</subfield>
    <subfield code="d">45544</subfield>
  </datafield>
  <datafield tag="952" ind1=" " ind2=" ">
    <subfield code="0">0</subfield>
    <subfield code="1">0</subfield>
    <subfield code="2">ddc</subfield>
    <subfield code="4">0</subfield>
    <subfield code="7">1</subfield>
    <subfield code="a">L</subfield>
    <subfield code="b">L</subfield>
    <subfield code="d">2010-09-14</subfield>
    <subfield code="e">SED/VEN</subfield>
    <subfield code="l">0</subfield>
    <subfield code="p">GR-02066</subfield>
    <subfield code="r">2010-09-14 00:00:00</subfield>
    <subfield code="t">1</subfield>
    <subfield code="w">2010-09-14</subfield>
    <subfield code="y">GR</subfield>
  </datafield>
</record>
